[Event "Challenge"]
[Site "http://www.queenalice.com/game.php?id=1821504"]
[Date "2023.9.24"]
[Round "-"]
[White "denaultj"]
[Black "Mikalus"]
[Result "0-1"]
[WhiteElo "1761"]
[BlackElo "1855"]

1. e4 c5 2. Bc4 e6 3. Qe2 Nc6 4. c3 a6 5. d3 b5 6. Bb3 Bb7 7. Nf3 Be7 8. Be3 Nf6
9. h3 O-O 10. Nbd2 d6 11. O-O Na5 12. Bc2 e5 13. d4 cxd4 14. cxd4 Rc8 15. Bd1
Nc4 16. Nxc4 bxc4 17. Bc2 Bxe4 18. Bxe4 Nxe4 19. Qc2 Ng5 20. Qf5 Nxf3+ 21. Qxf3
Bg5 22. Rad1 Bxe3 23. fxe3 exd4 24. Rxd4 Qb6 25. Rf4 Rc7 26. Qd5 Qxe3+ 27. Kh2
Qe5 28. Qxe5 dxe5 29. R4f3 f6 30. Rc1 Rd8 31. Rfc3 Rdc8 32. Kg3 Kf7 33. Kf3 Ke6
34. g4 g6 35. h4 f5 36. g5 Kf7 37. b4 Kg7 38. a4 h6 39. a5 hxg5 40. hxg5 Kf7 41.
Rd1 Ke6 42. Ke3 Rd7 43. Rxd7 Kxd7 44. Kf3 Kd6 45. Ke3 Kd5 46. Ke2 Kd4 47. Kd2 f4
48. Rh3 c3+ 49. Kc2 Ke4 50. Rh6 Kf5 0-1

[Event "Challenge"]
[Site "http://www.queenalice.com/game.php?id=1823871"]
[Date "2023.10.25"]
[Round "-"]
[White "Mikalus"]
[Black "denaultj"]
[Result "1-0"]
[WhiteElo "1874"]
[BlackElo "1736"]

1. e4 e5 2. Nf3 d6 3. c3 h6 4. d4 exd4 5. cxd4 Nf6 6. Nc3 c6 7. Bc4 Be7 8. O-O
O-O 9. Be3 a5 10. Qd2 Ng4 11. Bf4 b5 12. Bb3 Ba6 13. Rfe1 a4 14. Bc2 Bb7 15. h3
Nf6 16. Bxh6 Nh5 17. Be3 Nd7 18. d5 b4 19. Nxa4 c5 20. b3 Nhf6 21. Nb2 Nh7 22.
Nc4 Nb6 23. Qd3 Nf6 24. e5 dxe5 25. Nfxe5 Nxc4 26. bxc4 Bd6 27. Bg5 Re8 28. Bxf6
gxf6 29. Qh7+ 1-0

[Event "Challenge"]
[Site "http://www.queenalice.com/game.php?id=1824561"]
[Date "2023.11.3"]
[Round "-"]
[White "cdare"]
[Black "denaultj"]
[Result "0-1"]
[WhiteElo "1838"]
[BlackElo "1614"]

1. e4 e5 2. Nf3 Nc6 3. Nc3 Qf6 4. Bc4 Bc5 5. d3 h6 6. O-O Nge7 7. a3 a6 8. Bd2
O-O 9. b4 Bd6 10. Nd5 Qg6 11. Nxe7+ Bxe7 12. h3 d6 13. Kh2 b5 14. Bd5 Bb7 15. c4
bxc4 16. Bxc4 Bf6 17. Bd5 Rab8 18. Qa4 Ne7 19. Bxb7 Rxb7 20. Qxa6 Rfb8 21. Rfc1
Rb6 22. Qa4 c6 23. Be3 Rb5 24. Qc2 d5 25. exd5 Rxd5 26. Bc5 Rbd8 27. Bxe7 Bxe7
28. Qxc6 Bf6 29. Rd1 e4 30. Ne1 Be5+ 0-1

[Event "Challenge"]
[Site "http://www.queenalice.com/game.php?id=1824762"]
[Date "2023.11.7"]
[Round "-"]
[White "Leanne"]
[Black "denaultj"]
[Result "0-1"]
[WhiteElo "1552"]
[BlackElo "1712"]

1. e4 e5 2. Nf3 Nc6 3. d4 exd4 4. Nxd4 Ne5 5. Be2 Nf6 6. O-O Nxe4 7. g3 a6 8.
Bf4 Bd6 9. Bxe5 Bxe5 10. c3 O-O 11. Qd3 d5 12. Nd2 Bh3 13. Nxe4 Bxf1 14. Rxf1
dxe4 15. Qxe4 Qf6 16. Qf3 c5 17. Qxb7 Rab8 18. Qxa6 cxd4 19. cxd4 Bxd4 20. b3
Rb6 21. Qd3 Bb2 22. Kg2 Ba3 23. Qe4 Rd6 24. Qa4 Bb2 25. b4 Qe6 26. Bf3 h6 27. b5
Rb6 28. a3 Rfb8 29. Bc6 Qa2 30. Rd1 Qxa3 31. Qxa3 Bxa3 32. Ra1 Bf8 33. Ra6 Rxb5
34. Bxb5 Rxb5 35. Ra8 g5 36. Kh3 Rb4 37. Kg2 Kg7 38. h3 h5 39. Kf3 Bc5 40. Ra5
Rc4 41. Ke2 f6 42. f3 Bd6 43. Rd5 Bxg3 44. Rd7+ Kg6 45. Kd3 Rh4 46. Rd8 Rxh3 47.
Ke4 Rh4+ 48. Kd5 Rf4 49. Ke6 Rxf3 50. Rg8+ Kh7 51. Kf7 h4 52. Rg6 h3 53. Rg7+
Kh6 54. Rg8 Kh5 55. Rh8+ Kg4 56. Rxh3 Kxh3 0-1

[Event "Challenge"]
[Site "http://www.queenalice.com/game.php?id=1824821"]
[Date "2023.11.8"]
[Round "-"]
[White "denaultj"]
[Black "Mikalus"]
[Result "0-1"]
[WhiteElo "1722"]
[BlackElo "1825"]

1. Nf3 d5 2. d4 e6 3. Ne5 Nf6 4. Nd2 Bd6 5. h3 O-O 6. e3 b6 7. b3 c5 8. c4 Bb7
9. Be2 Nc6 10. Ndf3 Qc7 11. Bb2 cxd4 12. exd4 Bb4+ 13. Nd2 Ne4 14. Nf3 Qf4 15.
Bc1 Nxd4 16. O-O Nc3 17. Nxd4 Nxd1 18. N2f3 Qe4 19. Rxd1 e5 20. Bd3 Qxd4 21.
Nxd4 exd4 22. cxd5 Bc3 23. Rb1 Bxd5 24. Bd2 Rac8 25. Bb5 Be4 26. Bxc3 Bxb1 27.
Bb4 Rfd8 28. Rxb1 d3 29. Rd1 a5 30. Bd2 h6 31. Be3 Rd5 32. Rd2 Rxb5 33. Rxd3 Rb8
34. Kh2 Rb7 35. h4 Re5 36. Rd6 Re6 37. Rd4 Kh7 38. h5 g6 39. hxg6+ fxg6 40. Kh3
g5 41. Bc1 Re2 42. Be3 Rxa2 43. Rd6 b5 44. Ra6 a4 45. bxa4 bxa4 46. f4 Rb3 47.
Re6 gxf4 0-1

[Event "Challenge"]
[Site "http://www.queenalice.com/game.php?id=1827174"]
[Date "2023.12.13"]
[Round "-"]
[White "Mikalus"]
[Black "denaultj"]
[Result "1-0"]
[WhiteElo "1855"]
[BlackElo "1678"]

1. d4 d5 2. Nf3 h6 3. e3 a6 4. Bd3 Nf6 5. b3 Nbd7 6. Bb2 b5 7. O-O e6 8. Ne5
Nxe5 9. dxe5 Ne4 10. f3 Nc5 11. Be2 Be7 12. a3 Nd7 13. b4 Nb6 14. Nd2 O-O 15. f4
Nc4 16. Nxc4 bxc4 17. Bd4 Bb7 18. c3 c6 19. Bf3 a5 20. Qc2 Qd7 21. Bh5 Ba6 22.
Rf3 f6 23. Qg6 Bd8 24. Rg3 f5 25. Qxh6 Rb8 26. Bc5 Rf7 27. Bxf7+ Qxf7 28. Rf1
Rb7 29. Rff3 Be7 30. Bd6 Bxd6 31. exd6 Rd7 32. Rg6 Rxd6 33. Rfg3 Rd7 34. Rxe6
Bb5 35. Rxg7+ 1-0

[Event "Challenge"]
[Site "http://www.queenalice.com/game.php?id=1828347"]
[Date "2024.1.2"]
[Round "-"]
[White "denaultj"]
[Black "cdare"]
[Result "1-0"]
[WhiteElo "1737"]
[BlackElo "1797"]

1. e4 d5 2. d4 h6 3. e5 Nc6 4. c4 dxc4 5. d5 Nxe5 6. Qd4 Ng6 7. Bxc4 Nf6 8. h3
c6 9. Nc3 cxd5 10. Nxd5 Nxd5 11. Bxd5 e6 12. Qa4+ Bd7 13. Qe4 Bc5 14. Bxb7 Rb8
15. Ba6 O-O 16. Be2 Qb6 17. Qf3 Bc6 18. Qg3 Bb4+ 19. Kf1 Rfd8 20. a3 Bd6 21. Qe3
Qxe3 22. Bxe3 a5 23. Rb1 Be4 24. Rc1 Rxb2 25. f3 Bd5 26. a4 Bb4 27. Bb5 Nh4 28.
Ne2 Rb3 29. Kf2 Nf5 30. Bf4 g5 31. Be5 Nd6 32. Nd4 Rb2+ 33. Kg3 Nxb5 34. Nxb5
Bb3 35. Bxb2 Bxa4 36. Nc3 Bxc3 37. Rxc3 Bb5 38. Rc5 Rb8 39. Be5 Rb7 40. Rc8+ Kh7
41. Kg4 Bd3 42. Rh8+ Kg6 43. Rg8+ Kh7 44. Rg7+ Kh8 45. Rxf7+ Kg8 46. Rxb7 1-0

[Event "Challenge"]
[Site "http://www.queenalice.com/game.php?id=1828636"]
[Date "2024.1.6"]
[Round "-"]
[White "Mikalus"]
[Black "denaultj"]
[Result "1-0"]
[WhiteElo "1821"]
[BlackElo "1669"]

1. d4 d5 2. e3 e6 3. Nf3 Bd6 4. Bd3 h6 5. O-O Nf6 6. b3 O-O 7. Bb2 b6 8. Nbd2 c5
9. c4 Ba6 10. Qc2 Nc6 11. Ne5 Nb4 12. Qb1 Nxd3 13. Qxd3 Bb7 14. Ndf3 a6 15. Rac1
b5 16. cxb5 axb5 17. dxc5 Bxe5 18. Nxe5 b4 19. Rfd1 Rxa2 20. c6 Ba6 21. Qc2 Qc7
22. f4 h5 23. h3 Rd8 24. Rd2 Ne4 25. Rdd1 Ng3 26. Kh2 Nf5 27. Qb1 Ra5 28. Bd4
Rd6 29. Rc5 Nxd4 30. exd4 g6 31. Qb2 Bb5 32. Ra1 Rxa1 33. Qxa1 Bxc6 34. Qa6 Kg7
35. Rxc6 Rxc6 36. Qxc6 Qe7 37. g3 Qa7 38. Qc5 Qa3 39. Qc2 Qa7 40. Qd3 Qc7 41. g4
h4 42. g5 Qd6 43. Kg2 Qc7 44. Qd2 Qc3 45. Qxc3 bxc3 46. Nd3 Kf8 47. Kf3 Ke7 48.
Kg4 Kd6 49. Kxh4 Kc6 50. Kg3 Kd6 51. Kf3 Ke7 52. Ke3 f6 53. h4 f5 54. Nb4 Kd6
55. Kd3 1-0

[Event "Challenge"]
[Site "http://www.queenalice.com/game.php?id=1830348"]
[Date "2024.1.28"]
[Round "-"]
[White "denaultj"]
[Black "Mikalus"]
[Result "0-1"]
[WhiteElo "1639"]
[BlackElo "1865"]

1. d4 d5 2. c3 e6 3. b4 Nf6 4. Nf3 b6 5. a4 a6 6. h3 Bd6 7. e3 O-O 8. Bd3 c5 9.
bxc5 bxc5 10. dxc5 Be7 11. Ba3 Nc6 12. O-O e5 13. Qc2 e4 14. Ng5 exd3 15. Qxd3
h6 16. Nf3 Be6 17. Nbd2 Qa5 18. Nb3 Qc7 19. Nbd4 Ne5 20. Qe2 Nxf3+ 21. Nxf3 Bxc5
22. Bxc5 Qxc5 23. Qc2 Ne4 24. Rfc1 Rac8 25. Ne5 Qxc3 26. Qd3 Qxd3 27. Nxd3 Rxc1+
28. Nxc1 Ra8 29. a5 Nc5 30. f3 Rb8 31. Kh2 Rb5 32. g4 Nb7 33. Kg3 Nxa5 34. Ra3
Bc8 35. Rd3 Nc4 36. e4 Bb7 37. Nb3 dxe4 38. fxe4 Ne5 39. Nd2 Nxd3 0-1

[Event "Challenge"]
[Site "http://www.queenalice.com/game.php?id=1832596"]
[Date "2024.2.29"]
[Round "-"]
[White "Mikalus"]
[Black "denaultj"]
[Result "0-1"]
[WhiteElo "1970"]
[BlackElo "1639"]

1. d4 d5 2. Nf3 h6 3. e3 a6 4. Bd3 b5 5. b3 Nd7 6. Bb2 Ngf6 7. O-O e6 8. Nbd2
Bd6 9. Ne5 O-O 10. c4 Nxe5 11. dxe5 Be7 12. exf6 Bxf6 13. Bxf6 Qxf6 14. cxd5
exd5 15. Be2 Bb7 16. Nf3 Rad8 17. Rc1 c6 18. Nd4 Rd6 19. Rb1 Qg5 20. a4 Rg6 21.
Bf3 b4 22. Ne2 Qf6 23. Ng3 Bc8 24. Qd3 a5 25. Rfe1 Be6 26. Rbc1 Rc8 27. Nh5 Qxf3
28. Ng3 Qf6 29. Rc5 Qd8 30. Qa6 d4 31. exd4 Bd5 32. Qxa5 Qxa5 33. Rxa5 Bxb3 34.
Rb1 Bd5 35. Rxb4 Re8 36. Rb1 f5 37. Rxd5 cxd5 38. Nxf5 Ra6 39. Ra1 Rxa4 40. Rd1
Kh7 41. h3 g6 42. Ne3 Re4 43. Nxd5 Rexd4 44. Rxd4 Rxd4 45. g3 Rxd5 0-1

[Event "Challenge"]
[Site "http://www.queenalice.com/game.php?id=1834342"]
[Date "2024.3.29"]
[Round "-"]
[White "cdare"]
[Black "denaultj"]
[Result "0-1"]
[WhiteElo "1773"]
[BlackElo "1696"]

1. e4 e5 2. Nf3 d6 3. h3 h6 4. Nc3 c6 5. Bc4 Be6 6. Bxe6 fxe6 7. d3 Be7 8. b3
Nf6 9. O-O b5 10. a3 O-O 11. Be3 a5 12. Ne2 Nbd7 13. Ng3 d5 14. c3 Nc5 15. Nxe5
dxe4 16. Nxe4 Ncxe4 17. dxe4 Qxd1 18. Rfxd1 Nxe4 19. c4 Bf6 20. Bf4 Nc3 21. Rd6
Ne2+ 22. Kf1 Nxf4 23. Re1 Be7 24. Rxc6 Bxa3 25. Rd1 Kh7 26. f3 Bb2 27. Rc5 b4
28. Nc6 Rac8 29. Rd6 Rf5 30. Rxa5 Rxa5 31. Nxa5 Be5 32. Rd1 Ra8 33. Nc6 Bc3 34.
Rb1 Nd3 35. Rd1 Nc5 36. Rb1 Ra1 37. Rxa1 Bxa1 38. Nxb4 Nxb3 39. Nc2 Bf6 40. Ke2
Nc5 41. g4 g5 42. Ke3 e5 43. Nb4 Kg7 44. Nd5 Kf7 45. Nxf6 Kxf6 46. Kd2 Ke6 47.
Kc3 e4 48. fxe4 Nxe4+ 49. Kd4 Nf2 50. c5 Kd7 51. Kd5 Nxh3 52. Ke5 Nf4 53. Kd4
Kc6 54. Ke4 Kxc5 55. Kf5 Kd4 56. Kf6 Ke4 57. Kg7 Kf3 58. Kxh6 Kxg4 59. Kg7 Kf5
60. Kf7 g4 0-1

[Event "Challenge"]
[Site "http://www.queenalice.com/game.php?id=1834581"]
[Date "2024.4.3"]
[Round "-"]
[White "denaultj"]
[Black "Mikalus"]
[Result "1-0"]
[WhiteElo "1668"]
[BlackElo "1936"]

1. e4 e6 2. c4 d5 3. e5 Nc6 4. d4 Be7 5. a3 a5 6. Nf3 b6 7. b3 Na7 8. Bd3 Bb7 9.
b4 axb4 10. O-O c5 11. Nbd2 Nc6 12. Bb2 bxa3 13. Rxa3 Rxa3 14. Bxa3 Nxd4 15.
Nxd4 cxd4 16. Qa4+ Qd7 17. Qxd7+ Kxd7 18. Bb2 Bc5 19. Nf3 dxc4 20. Bxc4 Bxf3 21.
gxf3 Ne7 22. Ra1 Rc8 23. Ra7+ Rc7 24. Ra4 Nf5 25. Kg2 g6 26. f4 Rb7 27. Bb5+ Ke7
28. h3 h5 29. Ra8 f6 30. Kf3 g5 31. Rh8 h4 32. Rh7+ 1-0

[Event "Challenge"]
[Site "http://www.queenalice.com/game.php?id=1835522"]
[Date "2024.4.22"]
[Round "-"]
[White "Mikalus"]
[Black "denaultj"]
[Result "0-1"]
[WhiteElo "1904"]
[BlackElo "1691"]

1. d4 d5 2. e3 Nf6 3. Nf3 Ne4 4. Nbd2 Nd7 5. c4 Nxd2 6. Bxd2 h6 7. c5 b6 8. b4
a6 9. Bd3 e6 10. O-O Bb7 11. Ne5 Nxe5 12. dxe5 d4 13. cxb6 Qg5 14. Qa4+ c6 15.
f4 Qd8 16. Be4 Qxb6 17. Qb3 Be7 18. a3 O-O 19. Qc4 dxe3 20. Bxe3 Qxe3+ 21. Kh1
Qb6 22. Rad1 Rfd8 23. Rc1 Rac8 24. h3 a5 25. Rb1 Rd4 26. Qc2 axb4 27. axb4 Bxb4
28. Bh7+ Kh8 29. Be4 c5 30. Bxb7 Qxb7 31. Kh2 Rd2 0-1

[Event "Challenge"]
[Site "http://www.queenalice.com/game.php?id=1836829"]
[Date "2024.5.14"]
[Round "-"]
[White "denaultj"]
[Black "Mikalus"]
[Result "1-0"]
[WhiteElo "1716"]
[BlackElo "1872"]

1. e4 c5 2. Bc4 Nc6 3. c3 e6 4. d4 a6 5. a4 Na5 6. Bd3 c4 7. Bc2 d6 8. Na3 Nf6
9. h3 Be7 10. Nf3 Bd7 11. O-O O-O 12. Qe2 Rc8 13. e5 Nd5 14. h4 dxe5 15. Nxe5
Bxh4 16. Nexc4 Nxc4 17. Nxc4 b5 18. Nd6 Qc7 19. Nxc8 Rxc8 20. Qh5 1-0

[Event "Challenge"]
[Site "http://www.queenalice.com/game.php?id=1837713"]
[Date "2024.5.28"]
[Round "-"]
[White "Mikalus"]
[Black "denaultj"]
[Result "1-0"]
[WhiteElo "1826"]
[BlackElo "1738"]

1. e4 e5 2. d3 c5 3. Nf3 Nc6 4. Nc3 Nf6 5. b3 h6 6. Be2 Be7 7. O-O O-O 8. Bb2 b6
9. Nd5 Nxd5 10. exd5 Nb4 11. c4 d6 12. a3 Na6 13. Nd2 Nc7 14. Bc3 a5 15. Ne4 b5
16. Bd2 Bg5 17. Bxg5 hxg5 18. Qd2 g4 19. f3 gxf3 20. Bxf3 Qh4 21. Qg5 Qxg5 22.
Nxg5 Bf5 23. Be4 Bxe4 24. dxe4 f6 25. Nf3 Kh7 26. Nd2 g5 27. Rf3 Ne8 28. Rh3+
Kg6 29. Nf1 Ng7 30. Ng3 Rh8 31. Rxh8 Rxh8 32. cxb5 Rb8 33. a4 f5 34. exf5+ Nxf5
35. Kf2 Nd4 36. Rb1 g4 37. Rb2 Kg5 38. Ke3 Rb6 39. Ne2 Rb7 40. Nc3 Nf5+ 41. Ke4
Rf7 42. Ne2 Nh4 43. Ng3 Rf4+ 44. Ke3 Nf5+ 45. Nxf5 Kxf5 46. Rf2 Rxf2 47. Kxf2
1-0

[Event "Challenge"]
[Site "http://www.queenalice.com/game.php?id=1839330"]
[Date "2024.6.28"]
[Round "-"]
[White "Mikalus"]
[Black "denaultj"]
[Result "1-0"]
[WhiteElo "1924"]
[BlackElo "1755"]

1. d4 d5 2. e3 e6 3. Nf3 Nf6 4. Bd3 h6 5. b3 c5 6. c4 Nc6 7. O-O Bd6 8. Bb2 O-O
9. Nbd2 Qe7 10. Ne5 a5 11. Ndf3 Nb4 12. Be2 Bd7 13. a3 Nc6 14. Nxd7 Nxd7 15.
dxc5 Bxc5 16. Nd4 Nf6 17. Bf3 Ne5 18. Rc1 Nxf3+ 19. Qxf3 Rfd8 20. cxd5 Qd6 21.
dxe6 Bxa3 22. Nb5 Bxb2 23. Nxd6 Rxd6 24. exf7+ Kh7 25. Qxb7 Rf8 26. Rcd1 Ba3 27.
Rxd6 Bxd6 28. Rd1 Bb4 29. Rd4 Kg6 30. Rxb4 axb4 31. Qxb4 Rxf7 32. h3 Kh7 33. Qc4
Rb7 34. Qd3+ g6 35. Qc3 Rf7 36. b4 Rb7 37. Qxf6 Rxb4 38. Qe7+ 1-0

[Event "Challenge"]
[Site "http://www.queenalice.com/game.php?id=1840523"]
[Date "2024.7.20"]
[Round "-"]
[White "denaultj"]
[Black "Mikalus"]
[Result "0-1"]
[WhiteElo "1746"]
[BlackElo "1903"]

1. e4 c5 2. d4 cxd4 3. Qxd4 Nc6 4. Qd1 e5 5. Nf3 Nf6 6. Bc4 Bc5 7. Be3 Qb6 8.
Bxc5 Qxc5 9. Bd3 Qb4+ 10. Nbd2 Qxb2 11. O-O O-O 12. h3 d6 13. Nc4 Qc3 14. a3 Nd4
15. Nxd6 Nxf3+ 16. Qxf3 b6 17. Nxc8 Raxc8 18. Rfc1 Qd4 19. c4 Nd7 20. a4 Nc5 21.
Ra3 Rcd8 22. Rcc3 Qd6 23. Be2 Qg6 24. Bd3 Rd6 25. Qe3 Rfd8 26. g3 h6 27. a5 R8d7
28. a6 Qe6 29. Kg2 Rd8 30. h4 Qc8 31. f4 f6 32. Kf3 Nxa6 33. c5 Nxc5 34. fxe5
fxe5 35. g4 Rf6+ 36. Kg3 Rf4 37. Qe2 h5 38. Bc4+ Kh8 39. gxh5 Nxe4+ 40. Kh2 Rf2+
41. Qxf2 Nxf2 42. Rxa7 e4 43. Raa3 Rd2 44. Kg1 Nd3 45. Bd5 Qg4+ 0-1

[Event "Challenge"]
[Site "http://www.queenalice.com/game.php?id=1842715"]
[Date "2024.8.29"]
[Round "-"]
[White "Mikalus"]
[Black "denaultj"]
[Result "1-0"]
[WhiteElo "1893"]
[BlackElo "1736"]

1. d4 d5 2. e3 Nf6 3. Nf3 Ne4 4. Bd3 e6 5. Nbd2 Nxd2 6. Nxd2 a5 7. b3 c6 8. Bb2
b5 9. O-O Bd6 10. c4 Qh4 11. Nf3 Qh5 12. c5 Bc7 13. Be2 O-O 14. Ne5 Qh4 15. Qc2
Nd7 16. Nf3 Qe7 17. a3 h6 18. b4 a4 19. Bd3 Kh8 20. Ne5 Nxe5 21. dxe5 f5 22.
exf6 gxf6 23. f4 Bd7 24. Rf3 Kg7 25. Rg3+ Kf7 26. Bg6+ Kg7 27. Bh5+ Kh8 28. Qg6
e5 29. Qxh6+ Qh7 30. Qxh7+ Kxh7 31. Bg6+ Kh6 32. f5 Rg8 33. Rh3+ Kg5 34. Rf1 e4
35. Rh5+ Kg4 36. h3+ Kg3 37. Bc3 Be5 38. Be1# 1-0

[Event "Challenge"]
[Site "http://www.queenalice.com/game.php?id=1844697"]
[Date "2024.10.3"]
[Round "-"]
[White "denaultj"]
[Black "Mikalus"]
[Result "0-1"]
[WhiteElo "1726"]
[BlackElo "1899"]

1. e4 c5 2. Bc4 Nc6 3. Nf3 e6 4. a3 a6 5. a4 Nf6 6. d3 Ng4 7. h3 Nge5 8. Nxe5
Nxe5 9. Bb3 b6 10. c4 Bb7 11. O-O Be7 12. Qh5 Ng6 13. Nd2 O-O 14. Nf3 f5 15. Bg5
fxe4 16. dxe4 Bxe4 17. Bxe7 Qxe7 18. Ng5 Nf4 19. Qg4 Bxg2 20. Rfe1 Bc6 21. Bc2
h6 22. Ne4 d5 23. cxd5 Bxd5 24. Nc3 Qg5 25. Kf1 Bc4+ 26. Ne2 Qxg4 27. hxg4 Nxe2
28. b3 Ng3+ 29. Kg2 Bd5+ 30. Kxg3 Rf3+ 31. Kh4 g5+ 32. Kh5 Kg7 33. Rh1 Rxf2 34.
Bd3 Bxh1 35. Rxh1 Rd8 0-1